Detalles MARC
| 000 -CABECERA |
| campo de control de longitud fija |
00990cam a22002651 4500 |
| 001 - NÚMERO DE CONTROL |
| campo de control |
000019141 |
| 003 - IDENTIFICADOR DEL NÚMERO DE CONTROL |
| campo de control |
DO-SdBNP |
| 005 - FECHA Y HORA DE LA ÚLTIMA TRANSACCIÓN |
| campo de control |
20260120113829.0 |
| 008 - DATOS DE LONGITUD FIJA--INFORMACIÓN GENERAL |
| campo de control de longitud fija |
720824s1951 xxu 000 0 eng |
| 010 ## - NÚMERO DE CONTROL DE LA BIBLIOTECA DEL CONGRESO |
| Número de control de LC |
n 79053092 |
| Número de control de LC cancelado o no válido |
n 2024046865 |
| 040 ## - FUENTE DE LA CATALOGACIÓN |
| Centro catalogador/agencia de origen |
DO-SdBNP |
| Centro/agencia transcriptor |
OClU |
| Centro/agencia modificador |
OCoLC |
| -- |
DLC |
| -- |
BNPHU |
| 082 #4 - NÚMERO DE LA CLASIFICACIÓN DECIMAL DEWEY |
| Número de clasificación |
364.63 |
| Número de documento/Ítem |
P962r |
| Número de edición |
22 |
| 110 2# - ENTRADA PRINCIPAL--NOMBRE DE ENTIDAD CORPORATIVA |
| Nombre de entidad corporativa o nombre de jurisdicción como elemento de entrada |
Naciones Unidas. |
| Unidad subordinada |
Departamento de Asuntos Sociales |
| 9 (RLIN) |
41183 |
| 245 10 - MENCIÓN DE TÍTULO |
| Título |
Probation and related measures. |
| 260 ## - PUBLICACIÓN, DISTRIBUCIÓN, ETC. |
| Lugar de publicación, distribución, etc. |
New York : |
| Nombre del editor, distribuidor, etc. |
United Nations, |
| Fecha de publicación, distribución, etc. |
1951. |
| 300 ## - DESCRIPCIÓN FÍSICA |
| Extensión |
xvi, 407p. ; |
| Dimensiones |
23cm. |
| 490 0# - MENCIÓN DE SERIE |
| Mención de serie |
United Nations. [Document] E/CN.5/230.2 Jan. 1951 |
| 500 ## - NOTA GENERAL |
| Nota general |
"publicaciones de las Naciones Unidas. no.: 1951.iv.2." |
| 504 ## - NOTA DE BIBLIOGRAFÍA, ETC. |
| Nota de bibliografía, etc. |
Incluye referencias bibliográficas y notas al pie de las páginas. |
| 504 ## - NOTA DE BIBLIOGRAFÍA, ETC. |
| Nota de bibliografía, etc. |
Incluye bibliografía p.(377-391.) |
| 650 #7 - PUNTO DE ACCESO ADICIONAL DE MATERIA--TÉRMINO DE MATERIA |
| Término de materia o nombre geográfico como elemento de entrada |
Libertad condicional |
| 9 (RLIN) |
41184 |
| Fuente del encabezamiento o término |
LIBRUNAM |
| 830 #0 - PUNTO DE ACCESO ADICIONAL DE SERIE-TÍTULO UNIFORME |
| Título uniforme |
United Nations. [Document] E/CN.5/230.2 Jan. 1951 |
| 9 (RLIN) |
41186 |
| 910 ## - DATOS DE OPCIÓN DEL USUARIO (OCLC) |
| Datos de opción del usuario |
Catalogación derivada / LC |
| 942 ## - ELEMENTOS DE PUNTO DE ACCESO ADICIONAL (KOHA) |
| Fuente del sistema de clasificación o colocación |
Dewey Decimal Classification |
| Tipo de ítem Koha |
Libro |